000 00508nam a2200193Ia 4500
008 131103s9999 xx 000 0 und d
020 _a552142344
040 _aLoreto College
041 _aEnglish
082 _a823.91/FOR
_bLCBED/11479
100 _aForsyth, Frederick
245 4 _aThe fist of god
_cFrederick Forsyth
260 _aLondon
_bCorgi books
_c1994
300 _a624p.
_c 18 cm.
650 _aEnglish fiction
651 _aEnglish literature
850 _aLCBED/823.91/FOR
942 _cBK
999 _c32349
_d82828